logo

Bir Sreshtho Munshi Abdur Rouf Library
Jhenaidah Cadet College

Wings Of Fire : (Record no. 11755)

MARC details
000 -LEADER
fixed length control field 00730nam a2200241 a 4500
001 - CONTROL NUMBER
JCCL Control Number 11755
003 - CONTROL NUMBER IDENTIFIER
JCCL marc code BD-JhCC
005 - DATE AND TIME OF LATEST TRANSACTION
control field 20200831130257.0
008 - FIXED-LENGTH DATA ELEMENTS--GENERAL INFORMATION
fixed length control field 200831r19992018ii a|||| ||a| 001 0 eng d
020 ## - INTERNATIONAL STANDARD BOOK NUMBER
International Standard Book Number 9788173711466
035 ## - SYSTEM CONTROL NUMBER
system control number (BD-JhCC)11755
040 ## - CATALOGING SOURCE
Original cataloging agency BD-JhCC
Modifying agency BD-JhCC
041 ## - LANGUAGE CODE
Language code of Book eng
082 ## - DEWEY DECIMAL CLASSIFICATION NUMBER
Classification number 509.2
Author mark and Year KAL 2018
100 ## - MAIN ENTRY--PERSONAL NAME
Personal name Kalam, A P J Abdul
245 ## - TITLE STATEMENT
Title Wings Of Fire :
Remainder of title An Autobiography /
Statement of responsibility, etc A P J Abdul Kalam, Arun Tiwari .
260 ## - PUBLICATION, DISTRIBUTION, ETC. (IMPRINT)
Place of publication, distribution, etc India:
Name of publisher, distributor, etc Universities Press;
Date of publication, distribution, etc 2018.
300 ## - PHYSICAL DESCRIPTION
Pagination 180 p. :
Other physical details ill;
Dimensions 24 cm.
651 ## - SUBJECT ADDED ENTRY--GEOGRAPHIC NAME
Geographic name India
General subdivision Scientists
Chronological subdivision Abdul Kalam, A. P. J. (Avul Pakir Jainulabdeen), 1931-2015
Geographic subdivision Politics and government
700 ## - ADDED ENTRY--PERSONAL NAME
Personal name Tiwari, Arun
942 ## - ADDED ENTRY ELEMENTS (KOHA)
Source of classification or shelving scheme Dewey Decimal Classification
Koha item type Books
Holdings
Source of classification or shelving scheme Damaged status Not for loan Home library Current library Shelving location Date of accession Cost, normal purchase price Total Checkouts Full call number Barcode Date last seen Date checked out Copy number Koha item type
Dewey Decimal Classification     JCC Rouf Library JCC Rouf Library General Stacks 08/31/2020 675.00 1 509.2 KAL 2018 16039 08/29/2022 08/08/2022 C-1 Books

JCC Library | Contacts | JCC Home

Last Update on 23 September 2017
Copyright @ 2017-2020 JCC Rouf Library
Rouf Library, Jhenidah Cadet College (JCC), Bangladesh